000 00761nam a2200241 a 4500
008
020 _a0534941222(pbk.)
049 _aMAIN
090 _aQA76.73.C15 HOU
100 _aHouse, Ron.
245 0 _aBeginning with C
_ban introduction to professional programming/
_cRon House.
246 _aAn introduction to professional programming.
260 _aNew York, :
_bThomas Nelson,
_c1994.
300 _axvi, 568 p. :
_bill. ;
_c24 cm.
500 _aIncludes bibliographical references.
500 _aIncludes index.
650 _aC
_vComputer programming language.
907 _a.b1009118x
_b26-10-10
_c16-11-03
003
005 20230123133443.0
040 _cNUST
942 _cBOOKS
_kQA76.73.C15 HOU
999 _c148854
_d148854